Combien de ville de l'Ariège (09) connais-tu ? - Statistiques

Statistiques générales
  • Ce quiz a été pris 23 fois
  • Le résultat moyen est 22 sur 326
Statistiques - réponses
Code postal Ville % Correct
9000 Foix
95%
9100 Pamiers
79%
9201 Saint-Girons
63%
9110 Ax-les-Thermes
53%
9500 Mirepoix
47%
9700 Saverdun
47%
9400 Tarascon-sur-Ariège
47%
9140 Seix
37%
9140 Aulus-les-Bains
32%
9310 Cabannes
32%
9300 Lavelanet
32%
9210 Lézat-sur-Lèze
32%
9190 Saint-Lizier
32%
9120 Varilhes
32%
9250 Luzenac
26%
9270 Mazères
26%
55000 Verdun
26%
9400 Arignac
21%
9310 Aston
21%
9220 Auzat
21%
9390 Hospitalet-près-l'Andorre
21%
9230 Sainte-Croix-Volvestre
21%
9000 Saint-Jean-de-Verges
21%
9100 Saint-Jean-du-Falga
21%
9000 Saint-Paul-de-Jarrat
21%
9340 Verniolle
21%
9250 Appy
16%
9240 Bastide-de-Sérou
16%
9500 Camon
16%
9800 Castillon-en-Couserans
16%
9310 Château-Verdun
16%
9120 Crampagna
16%
9120 Dalou
16%
9130 Fossat
16%
9250 Garanou
16%
9600 Laroque-d'Olmes
16%
9320 Massat
16%
9110 Mérens-les-Vals
16%
9600 Montbel
16%
9300 Montségur
16%
9200 Moulis
16%
9110 Orlu
16%
9140 Oust
16%
9100 Pujols
16%
9120 Rieux-de-Pelleport
16%
9420 Rimont
16%
9400 Surba
16%
9240 Alzen
11%
9800 Arrien-en-Bethmale
11%
9100 Arvigna
11%
9800 Audressein
11%
9800 Bethmale
11%
9100 Bonnac
11%
9240 Cadarcet
11%
9420 Castelnau-Durban
11%
9000 Cos
11%
9500 Coutens
11%
9350 Daumazan-sur-Arize
11%
9600 Dun
11%
9000 Ferrières-sur-Ariège
11%
9300 Fougax-et-Barrineuf
11%
9500 Lagarde
11%
9310 Lassur
11%
9600 Léran
11%
9420 Lescure
11%
9190 Lorp-Sentaraille
11%
9120 Loubens
11%
9290 Mas-d'Azil
11%
9400 Mercus-Garrabet
11%
9230 Mérigon
11%
9120 Montégut-Plantaurel
11%
9240 Montels
11%
9330 Montgailhard
11%
9200 Montjoie-en-Couserans
11%
9000 Montoulieu
11%
9400 Niaux
11%
9110 Orgeix
11%
9400 Ornolac-Ussat-les-Bains
11%
9130 Pailhès
11%
9160 Prat-Bonrepaux
11%
9400 Rabat-les-Trois-Seigneurs
11%
9500 Rieucros
11%
9000 Saint-Martin-de-Caralp
11%
9100 Saint-Victor-Rouzaud
11%
9250 Unac
11%
9400 Ussat
11%
9140 Ustou
11%
9000 Vernajoul
11%
9700 Vernet
11%
9800 Villeneuve
11%
9300 Villeneuve-d'Olmes
11%
9100 Villeneuve-du-Paréage
11%
9300 Aiguillon
5%
9310 Albiès
5%
9320 Aleu
5%
9240 Allières
5%
9800 Argein
5%
9120 Artix
5%
9110 Ascou
5%
9800 Aucazein
5%
9250 Axiat
5%
9700 Bastide-de-Lordat
5%
9160 Bastide-du-Salat
5%
9600 Bastide-sur-l'Hers
5%
9000 Baulou
5%
9400 Bédeilhac-et-Aynat
5%
9300 Bélesta
5%
9600 Belloc
5%
9000 Bénac
5%
9100 Bézac
5%
9320 Biert
5%
9350 Bordes-sur-Arize
5%
9800 Bordes-Uchentein
5%
9000 Bosc
5%
9000 Brassac
5%
9350 Campagne-sur-Arize
5%
9400 Capoulet-et-Junac
5%
9130 Carla-Bayle
5%
9250 Caussou
5%
9000 Celles
5%
9420 Clermont
5%
9140 Couflens
5%
9120 Coussa
5%
9300 Dreuilhe
5%
9240 Durban-sur-Arize
5%
9140 Ercé
5%
9100 Escosse
5%
9200 Eycheil
5%
9300 Freychenet
5%
9800 Galey
5%
9000 Ganac
5%
9000 Herm
5%
9110 Ignaux
5%
9800 Illartein
5%
9100 Issards
5%
9700 Labatut
5%
9160 Lacave
5%
9200 Lacourt
5%
9240 Larbont
5%
9310 Larnat
5%
9300 Leychert
5%
9250 Lordat
5%
9100 Madière
5%
9700 Montaut
5%
9350 Montfa
5%
9300 Montferrier
5%
9300 Nalzen
5%
9460 Pla
5%
9110 Prades
5%
9000 Prayols
5%
9400 Quié
5%
9350 Sabarat
5%
9100 Saint-Amadou
5%
9500 Sainte-Foi
5%
9800 Saint-Lary
5%
9100 Saint-Martin-d'Oydes
5%
9100 Saint-Michel
5%
9210 Saint-Ybars
5%
9400 Saurat
5%
9300 Sautel
5%
9110 Savignac-les-Ormeaux
5%
9800 Sentein
5%
9140 Sentenac-d'Oust
5%
9800 Sor
5%
9110 Sorgeat
5%
9000 Soula
5%
9320 Soulan
5%
9600 Tabre
5%
9500 Teilhet
5%
9100 Tour-du-Crieu
5%
9500 Troye-d'Ariège
5%
9310 Urs
5%
9220 Val-de-Sos
5%
9310 Vèbre
5%
9250 Vernaux
5%
9120 Vira
5%
9240 Aigues-Juntes
0%
9600 Aigues-Vives
0%
9400 Alliat
0%
9200 Alos
0%
9800 Antras
0%
9000 Arabaux
0%
9400 Arnave
0%
9800 Arrout
0%
9130 Artigat
0%
9460 Artigues
0%
9800 Augirein
0%
9310 Aulos-Sinsat
0%
9230 Bagert
0%
9800 Balacet
0%
9800 Balaguères
0%
9230 Barjac
0%
9350 Bastide-de-Besplas
0%
9500 Bastide-de-Bousignac
0%
9230 Bédeille
0%
9100 Benagues
0%
9300 Bénaix
0%
9500 Besset
0%
9250 Bestiac
0%
9160 Betchat
0%
9400 Bompas
0%
9800 Bonac-Irazein
0%
9310 Bouan
0%
9320 Boussenac
0%
9700 Brie
0%
9000 Burret
0%
9800 Buzan
0%
9120 Calzan
0%
9290 Camarade
0%
9700 Canté
0%
9460 Carcanières
0%
9300 Carla-de-Roquefort
0%
9100 Carlaret
0%
9130 Castéras
0%
9350 Castex
0%
9160 Caumont
0%
9250 Caychax
0%
9500 Cazals-des-Baylès
0%
9120 Cazaux
0%
9160 Cazavet
0%
9400 Cazenave-Serres-et-Allens
0%
9230 Cérizols
0%
9800 Cescau
0%
9230 Contrazy
0%
9130 Durfort
0%
9200 Encourtiech
0%
9800 Engomer
0%
9200 Erp
0%
9600 Esclagne
0%
9700 Esplas
0%
9420 Esplas-de-Sérou
0%
9230 Fabas
0%
9350 Fornex
0%
9290 Gabre
0%
9190 Gajan
0%
9700 Gaudiès
0%
9400 Génat
0%
9220 Gestiès
0%
9400 Gourbit
0%
9120 Gudas
0%
9300 Ilhat
0%
9220 Illier-et-Laramade
0%
9700 Justiniac
0%
9130 Lanoux
0%
9400 Lapège
0%
9500 Lapenne
0%
9310 Larcat
0%
9230 Lasserre
0%
9220 Lercoul
0%
9000 Lescousse
0%
9300 Lesparrou
0%
9300 Lieurac
0%
9600 Limbrassac
0%
9700 Lissac
0%
9350 Loubaut
0%
9000 Loubières
0%
9100 Ludiès
0%
9500 Malegoude
0%
9120 Malléon
0%
9500 Manses
0%
9160 Mauvezin-de-Prat
0%
9230 Mauvezin-de-Sainte-Croix
0%
9350 Méras
0%
9160 Mercenac
0%
9400 Miglos
0%
9460 Mijanès
0%
9130 Monesple
0%
9240 Montagagne
0%
9110 Montaillou
0%
9230 Montardit
0%
9200 Montégut-en-Couserans
0%
9200 Montesquieu-Avantès
0%
9160 Montgauch
0%
9240 Montseron
0%
9500 Moulin-Neuf
0%
9240 Nescus
0%
9800 Orgibet
0%
9220 Orus
0%
9310 Pech
0%
9300 Péreille
0%
9110 Perles-et-Castelet
0%
9600 Peyrat
0%
9320 Port
0%
9600 Pradettes
0%
9000 Pradières
0%
9460 Puch
0%
9460 Quérigut
0%
9300 Raissac
0%
9600 Régat
0%
9200 Rivèrenert
0%
9300 Roquefixade
0%
9300 Roquefort-les-Cascades
0%
9500 Roumengoux
0%
9460 Rouze
0%
9120 Saint-Bauzeil
0%
9130 Sainte-Suzanne
0%
9120 Saint-Félix-de-Rieutord
0%
9500 Saint-Félix-de-Tournegat
0%
9300 Saint-Jean-d'Aigues-Vives
0%
9800 Saint-Jean-du-Castillonnais
0%
9500 Saint-Julien-de-Gras-Capou
0%
9000 Saint-Pierre-de-Rivière
0%
9500 Saint-Quentin-la-Tour
0%
9700 Saint-Quirc
0%
9800 Salsein
0%
9120 Ségura
0%
9250 Senconac
0%
9240 Sentenac-de-Sérou
0%
9000 Serres-sur-Arget
0%
9130 Sieuras
0%
9220 Siguer
0%
9140 Soueix-Rogalle
0%
9240 Suzan
0%
9160 Taurignan-Castet
0%
9190 Taurignan-Vieux
0%
9350 Thouars-sur-Arize
0%
9110 Tignac
0%
9230 Tourtouse
0%
9500 Tourtrol
0%
9700 Trémoulet
0%
9100 Unzent
0%
9500 Vals
0%
9110 Vaychis
0%
9120 Ventenac
0%
9130 Villeneuve-du-Latou
0%
9500 Viviès
0%
Aucun quiz correspondant
Distribution des résultats
% des personnes avec chaque résultat
Percentile par nombre de réponses
Votre historique - résultats
Vous n’avez pas pris ce quiz